000
00238nam a2200097Ia 4500
001
729275
005
20250826163524.0
008
250824s9999 xx 000 0 und d
245
0
_a
ÇOCUK PADİŞAH 1
_c
M.HALUK YELMEN
260
_b
BU YAYINEVİ
999
_c
729275
_d
729275